Normal view
MARC view
- السيرة النبوية
Entry Topical Term
001 - CONTROL NUMBER
- control field: 48645
003 - CONTROL NUMBER IDENTIFIER
- control field: JO-AjAnu
005 - DATE AND TIME OF LATEST TRANSACTION
- control field: 20230606082024.0
008 - FIXED-LENGTH DATA ELEMENTS
- fixed length control field: 230606|| aca||aabn | a|a d
040 ## - CATALOGING SOURCE
- Original cataloging agency: JO-AjAnu
- Transcribing agency: JO-AjAnu
150 ## - HEADING--TOPICAL TERM
- Topical term or geographic name entry element: السيرة النبوية
670 ## - SOURCE DATA FOUND
- Source citation: Work cat.: (JO-AjAnu)24885: تاليف نور، ربيع عبد العزيز؛ مراجعة واخراح دار القاسم, author 48644, الروضة الزكية لنصرة خير البرية